| 000 | 00719nab a2200205 a 4500 | ||
|---|---|---|---|
| 005 | 20210223125639.0 | ||
| 008 | 991125s1985 mx 000 0 spa u | ||
| 035 | _aUPN01000138707 | ||
| 100 | 1 | _aTraver Martí, Joan | |
| 222 | _aREVISTA ESPAÑOLA DE PEDAGOGIA | ||
| 245 | _aLa enseñanza-aprendizaje de la actitud de solidaridad en el aula : una propuesta de trabajo centrada en la aplicación de la técnica puzzle de Aronson | ||
| 300 | _a419-437 | ||
| 362 | 0 | _a2004 Año 62, no. 229, sept.-dic. | |
| 653 | 0 | _aVALORES | |
| 653 | 0 | _aESTRATEGIAS DE ENSEÑANZA | |
| 653 | 0 | _aROMPECABEZAS | |
| 653 | 0 | _aPROCESO ENSEÑANZA-APRENDIZAJE | |
| 700 | 1 |
_aGarcía López, Rafaela, _ecoaut. _934178 |
|
| 905 | _aArticulo | ||
| 999 |
_c110855 _d110855 |
||